000 00600nam a2200205 a 4500
005 20140310183413.0
008 070913s19uu xx 00 eng d
020 _a9780071101271
050 _aHD 30.3
_b.H997 2008
100 _aHynes, Geraldine E.
245 _aManagerial communication :
_bstrategies and applications /
_cGeraldine E. Hynes
250 _a4th ed.
260 _aU.S.A :
_bMcGraw-Hill, Irwin,
_c2008.
300 _a341 p. :
_c24 cm.
521 _aBSBA
650 _aBusiness Communication.
650 _aCommunication in Management.
942 _cBK
_2lcc
_kFOR
999 _c22532
_d22532